| 000 | 00619nam a2200193 a 4500 | ||
|---|---|---|---|
| 001 | FIB033497 | ||
| 003 | PILC | ||
| 005 | 20151105132934.0 | ||
| 008 | |||
| 020 | _a9789719946304 | ||
| 050 |
_aPL 6165.4 _b.G214 2012 |
||
| 100 | _aGarcia, Fanny A. | ||
| 245 | 0 |
_aSurinaysay : wika-panitikan-malikhaing pagsulat-feminismo-midya / _cFanny A.Garcia. |
|
| 260 |
_aQuezon City : _c2012. _bC & E Publishing, Inc., |
||
| 300 |
_axi, 303 pages ; _c22 cm. |
||
| 500 | _aIncludes bibliograhical references and index. | ||
| 650 | _aPhilippine essays (Filipino) | ||
| 942 |
_2lcc _cBK _kLOC |
||
| 999 |
_c288918 _d288918 |
||